书目信息 |
| 题名: |
生物安全
|
|
| 作者: | 刘谦 , 朱鑫泉 主编 | |
| 分册: | ||
| 出版信息: | 北京 科学出版社 2001 |
|
| 页数: | 417页 | |
| 开本: | 26cm | |
| 丛书名: | “863”生物高技术丛书 | |
| 单 册: | ||
| 中图分类: | Q788 | |
| 科图分类: | ||
| 主题词: | 遗传工程 , 转基因--基因工程--安全技术 | |
| 电子资源: | ||
| ISBN: | 7-03-009070-5 | |
| 000 | 00694nam0 2200241 45 | |
| 001 | 0303120940 | |
| 005 | 20031219104106.8 | |
| 010 | @a7-03-009070-5@dCNY59.00 | |
| 100 | @a20030312d2001 km y0chiy0120 ea | |
| 101 | 0 | @achi |
| 105 | @a z 000yy | |
| 200 | 1 | @a生物安全@ASheng Wu An Quan@f刘谦,朱鑫泉主编@FLiu Qian,Zhu Xin Quan Zhu Bian |
| 210 | @a北京@c科学出版社@d2001 | |
| 215 | @a417页@c附图版@d26cm | |
| 225 | @a“863”生物高技术丛书 | |
| 410 | @12001 @a“863”生物高技术丛书 | |
| 606 | 0 | @a遗传工程 |
| 606 | 0 | @a转基因@x基因工程@x安全技术 |
| 690 | @aQ788@v4 | |
| 701 | 0 | @a刘谦@4主编 |
| 701 | 0 | @a朱鑫泉@4主编 |
| 801 | @aCN@bTSTC@c20030312 | |
| 905 | @b321224-225@dQ788@e38@f2 | |
| 生物安全/刘谦,朱鑫泉主编.-北京:科学出版社,2001 |
| 417页:附图版;26cm.-(“863”生物高技术丛书) |
| ISBN 7-03-009070-5:CNY59.00 |
| ● |
| 相关链接 |
|
|
|
|
正题名:生物安全
索取号:Q788/38
 
预约/预借
| 序号 | 登录号 | 条形码 | 馆藏地/架位号 | 状态 | 备注 |
| 1 | 0321224 | 203212246 | 第三借阅区/ [索取号:Q788/38] | 在馆 | |
| 2 | 0321225 | 203212255 | 第二样本阅览室/ [索取号:Q788/38] | 在馆 | |
| 3 | 0348581 | 203485816 | 第三借阅区/ [索取号:Q788/38] | 在馆 | |
| 4 | 0348582 | 203485825 | 第三借阅区/ [索取号:Q788/38] | 在馆 | |
| 5 | 0348583 | 203485834 | 第三借阅区/ [索取号:Q788/38] | 在馆 | |
| 6 | 0348584 | 203485843 | 第三借阅区/ [索取号:Q788/38] | 在馆 | |
| 7 | 0348585 | 203485852 | 第三借阅区/ [索取号:Q788/38] | 在馆 |